| 000 | 01060nam a22002535a 4500 | ||
|---|---|---|---|
| 003 | OSt | ||
| 005 | 20170309114429.0 | ||
| 008 | 170226s2006 ua frb 000 0 ara d | ||
| 015 | _a2006 / 17814 | ||
| 020 | _a9770449903 | ||
| 040 |
_aEG-ScBUE _bara _cEG-ScBUE |
||
| 043 |
_af-ua--- _ama----- |
||
| 082 | 0 | 4 |
_222 _a346.02 _bش هـ ا |
| 100 | 1 | _aشهاوي، قدري عبد الفتاح. | |
| 245 | 1 | 0 |
_aعقد الوكالة : _bمناطقها، ضوابطها، آثارها، توابعها في التشريع المصري والعربي والمقارن / _cقدري عبد الفتاح الشهاوي. |
| 250 | _aط. 1. | ||
| 260 |
_aالقاهرة : _bدار النهضة العربية، _c2006. |
||
| 300 |
_a636 ص. ؛ _c24 سم. |
||
| 504 | _aيشتمل على إرجاعات ببليوجرافية. | ||
| 650 | 7 |
_2BUEsh _aعقود الوكالة _xقوانين وتشريعات _zمصر. |
|
| 650 | 7 |
_aعقود الوكالة _xقوانين وتشريعات _zالبلاد العربية . _2BUEsh |
|
| 653 |
_bLLAAWW _cMarch2017 |
||
| 942 | _2ddc | ||
| 999 |
_c24369 _d24341 |
||